Οι Τρεις Μοίρες : οι σχέσεις τους με τους θεούς, τους ήρωες και τους θνητούς μέσα από τις αρχαίες πηγές και την τέχνη : διπλωματική εργασία [πτυχιακή εργασία]

Αποθηκεύτηκε σε:
Λεπτομέρειες βιβλιογραφικής εγγραφής
Κύριος συγγραφέας: Μανουσάκη, Ευτυχία
Συγγραφή απο Οργανισμό/Αρχή: Πανεπιστήμιο Αιγαίου Σχολή Ανθρωπιστικών Επιστημών Τμήμα Μεσογειακών Σπουδών
Άλλοι συγγραφείς: Συρόπουλος, Σπύρος Δ. (Εισηγητής διατριβής)
Μορφή: Thesis Βιβλίο
Γλώσσα:Greek
Δημοσίευση: 2009
Θέματα:
Διαθέσιμο Online:http://hdl.handle.net/11610/8239
Ετικέτες: Προσθήκη ετικέτας
Δεν υπάρχουν, Καταχωρήστε ετικέτα πρώτοι!

MARC

LEADER 00000cam a2200000 i 4500
001 1/17357
008 120119s gre d
035 |l 10111683 
040 |a GR-MY-UA  |b gre  |e aacr 
041 0 |a gre 
082 0 |a 292.13  |2 (22) 
100 1 |a Μανουσάκη, Ευτυχία. 
245 1 3 |a Οι Τρεις Μοίρες :  |b οι σχέσεις τους με τους θεούς, τους ήρωες και τους θνητούς μέσα από τις αρχαίες πηγές και την τέχνη : διπλωματική εργασία [πτυχιακή εργασία] /  |c Μανουσάκη Ευτυχία ; επιβλέπων: Συρόπουλος Σπύρος 
260 |c 2009 
300 |a 100 σ.;  |b εικ.;  |c 30 εκ. 
500 |a Μέλη εξεταστικής επιτροπής: Στεφανάκης Μανώλης, Κουσούλης Παναγιώτης 
502 |a Πτυχιακή εργασία – Πανεπιστήμιο Αιγαίου, Ρόδος, 2009. 
504 |a Βιβλιογραφία: σ. 95-100 
650 0 0 |a Symbolism. 
650 0 0 |a Rites and ceremonies. 
650 0 0 |a Mysteries, Religious. 
650 0 0 |a Dissertations, Academic  |z Greece. 
650 0 0 |a Mythology, Greek. 
700 1 |a Συρόπουλος, Σπύρος Δ.  |4 ths 
710 2 |a Πανεπιστήμιο Αιγαίου  |b Σχολή Ανθρωπιστικών Επιστημών  |b Τμήμα Μεσογειακών Σπουδών. 
852 |a INST  |b RHODES  |c DIATR  |e 20120119  |h 292.13 ΜΑΝ  |p 005400032405  |q 005400032405  |t DIE  |y 23 
852 |a INST  |b RHODES  |c DIATR  |e 20120119  |h 292.13 ΜΑΝ  |p 005400032406  |q 005400032406  |t DIE  |y 23 
856 |u http://hdl.handle.net/11610/8239 
901 |a BIBL4-2012-1 
909 |a Ρ  |b 159653 
909 |a Ρ  |b 159654 
924 |a ΜΑΝΟΥΣΑΚΗ  |b ΕΥΤΥΧΙΑ  |y ΡΟΔΟΣ  |z 2009-07 
970 |z 2012/01/19